[Event "Forchheim op-A 13th"]
[Site "Forchheim"]
[Date "2014.10.03"]
[Round "1"]
[White "Schaefer, Sven"]
[Black "Kroneder, Christian"]
[Result "1/2-1/2"]
[WhiteElo "1966"]
[BlackElo "2048"]
[PlyCount "155"]
[EventDate "2014.10.03"]
[EventType "swiss"]
[EventRounds "5"]
[EventCountry "GER"]
[SourceTitle "EXT 2019"]
[Source "ChessBase"]
[SourceDate "2018.10.10"]
[SourceVersion "1"]
[SourceVersionDate "2018.10.10"]
[SourceQuality "1"]

1. e4 c5 2. Nf3 d6 3. d4 cxd4 4. Nxd4 Nf6 5. Nc3 a6 6. Be2 e5 7. Nb3 Be7 8. 0-0 0-0 9. Kh1 b5 10. a4 b4 11. Nd5 Bb7 12. Nxe7+ Qxe7 13. f3 Nc6 14. Be3 Nd7 15. Bc4 Rac8 16. Qe2 Nc5 17. Nxc5 dxc5 18. Bxa6 Bxa6 19. Qxa6 Nd4 20. Qc4 Qb7 21. c3 Nc2 22. Bxc5 Nxa1 23. Rxa1 bxc3 24. b4 Rfd8 25. Qxc3 Qc7 26. Qe3 Rd7 27. h3 Rcd8 28. Bb6 Rd1+ 29. Kh2 Qc4 30. Rxd1 Rxd1 31. Qc5 Qe6 32. a5 h5 33. a6 h4 34. a7 Ra1 35. Ba5 Qa6 36. Qf2 g5 37. g3 hxg3+ 38. Kxg3 Kh7 39. a8Q Qxa8 40. Qb2 Rg1+ 41. Kh2 Qa7 42. b5 Qe3 43. Qd2 Qxd2+ 44. Bxd2 Rb1 45. Bxg5 Rxb5 46. Kg3 Kg6 47. Be3 Rb3 48. Bc1 Kh5 49. Bd2 Rb6 50. h4 Rg6+ 51. Kh3 Rg1 52. Bg5 Kg6 53. Be7 Rh1+ 54. Kg2 Rd1 55. Kg3 Rd7 56. h5+ Kxh5 57. Bf6 Ra7 58. Bxe5 Ra5 59. Bf4 Ra4 60. Be3 Ra3 61. Bf4 Kg6 62. Bd6 Rd3 63. Bc7 Kf6 64. Kf4 Kg6 65. Bb8 Rb3 66. Bc7 Rc3 67. Be5 Rc6 68. Bb2 f6 69. Ba1 Rc4 70. Bb2 Kf7 71. Ba1 Kg6 72. Bb2 Rc8 73. Bd4 Rh8 74. Kg4 Rh2 75. Bc3 Rg2+ 76. Kh3 Rg5 77. Bb2 Rb5 78. Ba1 1/2-1/2

[Event "Oberliga Ost-A 1213"]
[Site "Germany"]
[Date "2013.04.14"]
[Round "11.2"]
[White "Schaefer, Sven"]
[Black "Wigger, Jochen"]
[Result "1/2-1/2"]
[WhiteElo "1951"]
[BlackElo "2307"]
[PlyCount "45"]
[EventDate "2012.10.14"]
[EventType "team-tourn"]
[EventRounds "11"]
[EventCountry "GER"]
[SourceTitle "EXT 2014"]
[Source "ChessBase"]
[SourceDate "2013.11.20"]
[SourceVersion "1"]
[SourceVersionDate "2013.11.20"]
[SourceQuality "1"]
[WhiteTeam "Dessau"]
[BlackTeam "Coswig"]
[WhiteTeamCountry "GER"]
[BlackTeamCountry "GER"]

1. e4 e6 2. d4 d5 3. Nc3 Nc6 4. Nf3 Nf6 5. Bd3 Bb4 6. e5 Ne4 7. Bd2 Nxd2 8. Qxd2 f6 9. Bb5 0-0 10. a3 Be7 11. 0-0 Bd7 12. Bd3 fxe5 13. Nxe5 Nxe5 14. dxe5 Qe8 15. Rae1 c5 16. f4 g6 17. Rf3 Bc6 18. Rff1 a6 19. Nd1 Rd8 20. Kh1 Qf7 21. Qf2 Qg7 22. Qg3 Kh8 23. Qh3 1/2-1/2

[Event "Oberliga Ost-A 1213"]
[Site "Germany"]
[Date "2013.03.17"]
[Round "9.2"]
[White "Schaefer, Sven"]
[Black "Kyas, Juergen"]
[Result "1/2-1/2"]
[WhiteElo "1951"]
[BlackElo "2202"]
[PlyCount "62"]
[EventDate "2012.10.14"]
[EventType "team-tourn"]
[EventRounds "11"]
[EventCountry "GER"]
[SourceTitle "EXT 2014"]
[Source "ChessBase"]
[SourceDate "2013.11.20"]
[SourceVersion "1"]
[SourceVersionDate "2013.11.20"]
[SourceQuality "1"]
[WhiteTeam "Dessau"]
[BlackTeam "Chemnitz"]
[WhiteTeamCountry "GER"]
[BlackTeamCountry "GER"]

1. e4 c5 2. Nf3 Nc6 3. d4 cxd4 4. Nxd4 g6 5. c4 Nf6 6. Nc3 d6 7. Be2 Nxd4 8. Qxd4 Bg7 9. Be3 0-0 10. Qd2 a5 11. f3 a4 12. Nd5 Nxd5 13. cxd5 a3 14. Bd4 Bxd4 15. Qxd4 axb2 16. Qxb2 Qa5+ 17. Qd2 Bd7 18. Qxa5 Rxa5 19. Kd2 Rfa8 20. Bc4 Bb5 21. Bxb5 Rxb5 22. Rhc1 Rba5 23. Rc2 R8a7 24. Kc3 Ra3+ 25. Kb2 b5 26. Rc3 R3a4 27. Rc6 Kg7 28. Rb6 Rb4+ 29. Kc3 Rc4+ 30. Kb3 Rc5 31. Rc6 Rc7 1/2-1/2